Extreme Geography of the World - Distant and Furthest - Statistics

General Stats
  • This quiz has been taken 34 times
  • The average score is 10 of 16
Answer Stats
Hint Answer % Correct
The farthest ocean point from any land is in this ocean Pacific Ocean
95%
Southernmost continental point of land outside Antarctica is in this country Chile
86%
Island where the airport farthest from any other airport is (hint: big stone heads) Easter Island
82%
Northernmost point on land is part of this autonomous territory of Denmark Greenland
82%
Ocean gulf of West Africa where the Equator and Prime Meridian intersect Gulf of Guinea
82%
Norwegian explorer, first person to reach the South Pole, where the southernmost continuously manned station is Roald Amundsen
73%
Famously, the closest humans to the above point are those manning this circulating human-made object International Space Station
68%
The northernmost continually inhabited settlement is in this Canadian territory Nunavut
68%
Most remote inhabited island (hint: a British overseas territory) Tristan da Cunha
50%
British South Pole explorer who, with the above Norwegian, is namesake of that station Robert Scott
45%
A former country that was the first verified to reach the North Pole, which is also the northernmost ocean point Soviet Union
45%
Most remote island from other land (hint: an uninhabited dependency of Norway) Bouvet Island
41%
Nickname of that point Point Nemo
41%
A point in this Chinese autonomous region is the farthest you can be on Earth from any ocean water Xinjiang
41%
Southernmost point of open ocean touches this Antarctic ice shelf, the largest in the world Ross Ice Shelf
36%
The above intersection is considered to be point 0° 0° of the globe and is marked with a permanent buoy, hence has the following nickname Null Island
14%
No matching quizzes found
Score Distribution
Percent of People with Each Score
Percentile by Number Answered
Your Score History
You have not taken this quiz